|
|
|
|
| LEADER |
00000nab a2200000 a 4500 |
| 001 |
vtls000878978 |
| 003 |
SK-MaSNL |
| 005 |
20260318123951.0 |
| 008 |
160405c2004 xo 0 hun |
| 015 |
|
|
|a SNBRB2004/07-21400
|
| 035 |
|
|
|a CLN000230526
|
| 040 |
|
|
|a SNKBUCL
|b slo
|c SNKBUCL
|e AACR2
|
| 041 |
0 |
|
|a hun
|
| 044 |
|
|
|a xo
|c SK
|
| 080 |
|
|
|a 792.091.4:792.077-053.2(=511.141)(437.6)
|2 1997
|
| 080 |
|
|
|a 792.9
|2 1997
|
| 080 |
|
|
|a 792.077-053.2(=511.141)(437.6)
|2 1997
|
| 100 |
1 |
|
|a Csepécz, Szilvia M.,
|d 1965-2011
|4 aut
|9 49646
|
| 245 |
1 |
0 |
|a Játszani jó!
|b színes stíluskavalkád a XXIX. Duna Menti Tavaszon
|c M. Csepécz Szilvia
|
| 300 |
|
|
|b Fotogr.
|
| 611 |
1 |
7 |
|a Podunajská jar
|n 29.
|d 2004
|c Dunajská Streda, Slovensko
|2 snkbucl
|9 872035
|
| 650 |
0 |
7 |
|a detské divadlo
|x prehliadky
|2 snkbucl
|9 14327
|
| 651 |
|
7 |
|a 201
|2 snkbucl
|9 294639
|
| 655 |
|
7 |
|a články z novín a časopisov
|2 snkbucl
|9 267496
|
| 773 |
0 |
|
|t Vasárnap
|g Roč. 37, č. 24 (2004), s. 7-9
|
| 850 |
|
|
|a Slovenská národná knižnica v Martine
|
| 852 |
|
|
|a SNK
|b KIS3GCP
|
| 958 |
|
|
|a HU
|
| 958 |
|
|
|a SK
|
| 958 |
|
|
|a RBX
|
| 999 |
|
|
|c 2516775
|d 2518705
|